| 000 | 01420ngm a22003490a 4500 | ||
|---|---|---|---|
| 001 | PT20682 | ||
| 003 | AR-LpoUNG | ||
| 005 | 20210201232247.0 | ||
| 007 | co ||u|||uuuuu | ||
| 008 | 191001s2005||||ag |||||||||||||||||spa d | ||
| 020 |
_a987207111x _c$30 |
||
| 040 |
_aAR-LpoUNG _bspa _cAR-LpoUNG _eaacr |
||
| 041 | _aspa | ||
| 044 | _aag | ||
| 082 | 0 | _a982.064 533gui | |
| 245 | 1 | 0 | _aGuía de Archivos de Derechos Humanos de Mercosur y Chile |
| 260 |
_aBuenos Aires : _bMemoria Abierta, _c2005. |
||
| 520 | _aLa guía pretende facilitar la ubicación y la disposición de diversos documentos que conforman la memoria colectiva sobre los tiempos de las dictaduras en estos paises. Los documentos constatan hechos, procesos y acontecimientos, manifiestan posiciones y pasiones, dan cuenta de las actividades de organizaciones sociales y políricas, como de la represión de la que fueron objeto. Constituyen un acervo cuyo uso contribuirá a reforzar el respeto por los derechos humanos en todos los paises. | ||
| 650 | 4 | _aAMERICA DEL SUR | |
| 650 | 4 | _aANALISIS HISTORICO | |
| 650 | 4 | _aASPECTOS POLITICOS | |
| 650 | 4 | _aAUTORITARISMO | |
| 650 | 4 | _aCONCIENTIZACION | |
| 650 | 4 | _aDICTADURA | |
| 650 | 4 | _aFUERZAS ARMADAS | |
| 650 | 4 | _aHISTORIA SOCIAL | |
| 650 | 4 | _aIDEOLOGIAS POLITICAS | |
| 710 | 2 | _aMemoria Abierta (Buenos Aires) | |
| 710 | 2 | _aUnesco (Montevideo) | |
| 905 | _a20682 | ||
| 942 | _cCDDVD | ||
| 999 |
_c53157 _d53157 |
||